000 00322nam a2200109Ia 4500
008 160531s9999 xx 000 0 und d
100 _aCarter, Warwick.
245 _aBreasts A to Z
245 _cby Warwick Carter
260 _c2012
856 _uhttp://www.medwords.com.au/Medwords/MW_U_AtoZ_files/Breasts%20A%20to%20Z.pdf
999 _c295457
_d295457